[Event "Manhem Chessweek GM"]
[Site "Mölnlycke kulturhus, Bibliot"]
[Date "2017.08.12"]
[Round "1.2"]
[White "von Bahr, Oskar"]
[Black "Gritsak, Orest"]
[Result "1/2-1/2"]
[WhiteElo "2433"]
[BlackElo "2474"]
[PlyCount "30"]
[EventDate "2017.09.12"]

1. e4 c5 2. Nf3 d6 3. Bb5+ Bd7 4. Bxd7+ Nxd7 5. O-O Ngf6 6. Qe2 Rc8 7. b3 g6 8.
Bb2 Bg7 9. d4 cxd4 10. Nxd4 O-O 11. c4 Qb6 12. Rd1 a6 13. Nc3 e6 14. Kh1 Rfe8
15. Qd2 Nc5 1/2-1/2

[Event "Manhem Chessweek GM"]
[Site "Mölnlycke kulturhus, Bibliot"]
[Date "2017.08.12"]
[Round "1.3"]
[White "Rozentalis, Eduardas"]
[Black "Antonsen, Mikkel"]
[Result "0-1"]
[WhiteElo "2517"]
[BlackElo "2440"]
[PlyCount "80"]
[EventDate "2017.09.12"]

1. e4 e5 2. Nf3 Nc6 3. Bc4 Bc5 4. d3 Nf6 5. O-O O-O 6. c3 d6 7. Nbd2 a6 8. a4
Ba7 9. h3 Ne7 10. Re1 Ng6 11. Nf1 c6 12. Ng3 d5 13. Bb3 h6 14. Qc2 Qc7 15. d4
exd4 16. cxd4 Be6 17. e5 Ne4 18. Bxd5 Bxd5 19. Nxe4 Rad8 20. Ra3 Qc8 21. Bd2
Qe6 22. Bb4 Rfe8 23. Nd6 Re7 24. Nf5 Red7 25. Nh2 Bxg2 26. Rg3 Bd5 27. Ba5 b6
28. Bc3 c5 29. dxc5 bxc5 30. Nd6 c4 31. Ng4 Ba8 32. Kh2 h5 33. Nf6+ gxf6 34.
Rxg6+ fxg6 35. Qxg6+ Kh8 36. exf6 Qxd6+ 37. Be5 Qxe5+ 38. Rxe5 Bb8 39. Qg3 Rg8
40. Qxg8+ Kxg8 0-1

[Event "Manhem Chessweek GM"]
[Site "Mölnlycke kulturhus, Bibliot"]
[Date "2017.08.12"]
[Round "1.4"]
[White "Westerberg, Jonathan"]
[Black "Rydström, Tom"]
[Result "1-0"]
[WhiteElo "2488"]
[BlackElo "2301"]
[PlyCount "73"]
[EventDate "2017.09.12"]

1. Nf3 d5 2. e3 Nf6 3. c4 c6 4. Nc3 e6 5. b3 Nbd7 6. Qc2 Bd6 7. Bb2 O-O 8. Be2
a6 9. d4 Qe7 10. O-O Re8 11. e4 dxe4 12. Nxe4 Nxe4 13. Qxe4 Nf6 14. Qc2 h6 15.
c5 Bc7 16. Rfe1 Rd8 17. Bf1 Bd7 18. g3 Nd5 19. Bg2 Be8 20. Re2 Qf8 21. a3 Rd7
22. Rf1 Rad8 23. Nh4 Re7 24. f4 Bd7 25. Nf3 Be8 26. Ne5 f6 27. Nc4 Bh5 28. Ree1
Bg4 29. Be4 Red7 30. Kg2 Re8 31. Bh7+ Kh8 32. Bg6 Bf5 33. Qxf5 exf5 34. Rxe8
Qxe8 35. Bxe8 Re7 36. Bg6 Re2+ 37. Rf2 1-0

[Event "Manhem Chessweek GM"]
[Site "Mölnlycke kulturhus, Bibliot"]
[Date "2017.08.12"]
[Round "1.5"]
[White "Johansson, Linus"]
[Black "Hillarp Persson, Tiger"]
[Result "1/2-1/2"]
[WhiteElo "2459"]
[BlackElo "2522"]
[PlyCount "112"]
[EventDate "2017.09.12"]

1. d4 Nf6 2. c4 e6 3. Nc3 Bb4 4. e3 O-O 5. Bd3 d5 6. cxd5 exd5 7. Nge2 Re8 8.
Bd2 b6 9. Rc1 Ba6 10. Bxa6 Nxa6 11. Qa4 Qc8 12. O-O Qb7 13. Rc2 Bf8 14. Nb1 c5
15. dxc5 bxc5 16. Bc3 Ne4 17. Ng3 Nxg3 18. hxg3 Re4 19. Qb3 Qxb3 20. axb3 Nb4
21. Rd2 Rb8 22. Rdd1 g6 23. Nd2 Re6 24. Nf3 Rb7 25. Ra1 Nc6 26. Rfd1 Rd6 27.
Ne5 d4 28. exd4 cxd4 29. Nxc6 dxc3 30. Rxd6 cxb2 31. Rdd1 bxa1=Q 32. Rxa1 Rxb3
33. Rxa7 Bc5 34. Ra2 Rxg3 35. Ne5 Rc3 36. Kf1 Bd6 37. Nf3 Kg7 38. Ke2 h5 39. g3
Bc5 40. Ne1 g5 41. Rc2 Rxc2+ 42. Nxc2 f5 43. Ne1 Kf6 44. Ng2 Ke6 45. Ne1 Kd5
46. Nf3 Be7 47. Nd2 Bd6 48. Nf1 f4 49. Kd3 g4 50. gxf4 Bxf4 51. f3 gxf3 52. Nh2
f2 53. Ke2 Bg3 54. Nf1 h4 55. Ne3+ Kd4 56. Ng4 h3 1/2-1/2

[Event "Manhem Chessweek GM"]
[Site "Mölnlycke kulturhus, Bibliot"]
[Date "2017.08.13"]
[Round "2.1"]
[White "Antonsen, Mikkel"]
[Black "Westerberg, Jonathan"]
[Result "1/2-1/2"]
[WhiteElo "2440"]
[BlackElo "2488"]
[PlyCount "33"]
[EventDate "2017.09.12"]

1. d4 d5 2. c4 dxc4 3. Nf3 a6 4. e3 b5 5. a4 Bb7 6. b3 Nf6 7. bxc4 bxc4 8. Bxc4
e6 9. O-O Nbd7 10. Nbd2 Be7 11. Qb3 Ra7 12. Ba3 c5 13. Rfc1 O-O 14. Rab1 cxd4
15. Nxd4 Ne4 16. N2f3 Nec5 17. Qd1 1/2-1/2

[Event "Manhem Chessweek GM"]
[Site "Mölnlycke kulturhus, Bibliot"]
[Date "2017.08.13"]
[Round "2.3"]
[White "Gritsak, Orest"]
[Black "Rozentalis, Eduardas"]
[Result "1/2-1/2"]
[WhiteElo "2474"]
[BlackElo "2517"]
[PlyCount "60"]
[EventDate "2017.09.12"]

1. e4 e6 2. d4 d5 3. exd5 exd5 4. Nf3 Bd6 5. Bg5 Be7 6. Bxe7 Qxe7+ 7. Qe2 Bg4
8. Nbd2 Nd7 9. O-O-O Qxe2 10. Bxe2 Ngf6 11. Rde1 O-O 12. Ne5 Bxe2 13. Nxd7 Nxd7
14. Rxe2 Rfe8 15. Rhe1 Kf8 16. c3 Rxe2 17. Rxe2 Re8 18. Kd1 Rxe2 19. Kxe2 Ke7
20. Nf3 h6 21. Ne1 Nb6 22. b3 Nc8 23. Nc2 Nd6 24. f3 Ke6 25. Ne3 Nf5 26. Nxf5
Kxf5 27. Ke3 g5 28. g4+ Ke6 29. Kd3 Kd6 30. Ke3 Ke6 1/2-1/2

[Event "Manhem Chessweek GM"]
[Site "Mölnlycke kulturhus, Bibliot"]
[Date "2017.08.13"]
[Round "2.4"]
[White "Rydström, Tom"]
[Black "Johansson, Linus"]
[Result "1/2-1/2"]
[WhiteElo "2301"]
[BlackElo "2459"]
[PlyCount "106"]
[EventDate "2017.09.12"]

1. e4 e6 2. d4 d5 3. Nc3 Nf6 4. e5 Nfd7 5. f4 c5 6. Nf3 Nc6 7. Be3 Be7 8. Qd2
b6 9. Bd3 O-O 10. O-O f5 11. Nb5 a6 12. Nd6 Bxd6 13. exd6 c4 14. Bxc4 Nf6 15.
Bd3 Qxd6 16. Ne5 Bb7 17. Qe1 Ne4 18. Kh1 Qb4 19. Qxb4 Nxb4 20. Nd7 Rf7 21. Nxb6
Rb8 22. a3 Nxd3 23. cxd3 Bc6 24. dxe4 fxe4 25. Nxd5 Bxd5 26. b4 a5 27. Rab1
axb4 28. axb4 g6 29. Kg1 Ra7 30. Rb2 Ra3 31. Kf2 Kf7 32. Rc1 Rb7 33. b5 Rb3 34.
Rxb3 Bxb3 35. Rc5 Ba4 36. d5 Bxb5 37. dxe6+ Kxe6 38. Re5+ Kf7 39. Rxe4 Bd3 40.
Rd4 Rb2+ 41. Kf3 Be2+ 42. Kg3 Bf1 43. Bd2 Rb3+ 44. Kf2 Rd3 45. Rxd3 Bxd3 46.
Ke3 Bf5 47. Bc3 h5 48. h3 Bc8 49. Kd4 Bb7 50. g4 hxg4 51. hxg4 Bc8 52. f5 gxf5
53. gxf5 Bxf5 1/2-1/2

[Event "Manhem Chessweek GM"]
[Site "Mölnlycke kulturhus, Bibliot"]
[Date "2017.08.13"]
[Round "2.5"]
[White "Andersson, Tommy"]
[Black "von Bahr, Oskar"]
[Result "0-1"]
[WhiteElo "2414"]
[BlackElo "2433"]
[PlyCount "102"]
[EventDate "2017.09.12"]

1. c4 c5 2. Nc3 Nc6 3. g3 Nf6 4. Bg2 g6 5. Nf3 d5 6. cxd5 Nxd5 7. O-O Nc7 8. a3
Bg7 9. b4 cxb4 10. axb4 Nxb4 11. Qb3 Nc6 12. Ba3 O-O 13. d4 b6 14. Rfd1 Bb7 15.
Rac1 Na5 16. Qb4 Nd5 17. Nxd5 Bxd5 18. Qxe7 Qxe7 19. Bxe7 Rfe8 20. Rc7 Nc6 21.
Ba3 Rxe2 22. Ng5 Bxg2 23. d5 Bxd5 24. Rxd5 Re5 25. Rxe5 Nxe5 26. f4 h6 27. Ne4
Nf3+ 28. Kf2 Nd4 29. Rb7 Nb5 30. Be7 Bd4+ 31. Kf3 Rc8 32. g4 f5 33. gxf5 gxf5
34. Ng3 Rc3+ 35. Kg2 Rc7 36. Rb8+ Kf7 37. Bb4 Rc4 38. Bf8 Rc2+ 39. Kh3 Kg6 40.
Rb7 Rc7 41. Rb8 Rc2 42. Bb4 Rc4 43. Bd2 Nd6 44. Rg8+ Kf7 45. Rd8 Ke6 46. Ra8 a5
47. Ne2 Bb2 48. Ng3 a4 49. Ra6 a3 50. Be3 b5 51. Ba7 Ra4 0-1

[Event "Manhem Chessweek GM"]
[Site "Mölnlycke kulturhus, Bibliot"]
[Date "2017.08.13"]
[Round "3.1"]
[White "Westerberg, Jonathan"]
[Black "Gritsak, Orest"]
[Result "1/2-1/2"]
[WhiteElo "2488"]
[BlackElo "2474"]
[PlyCount "58"]
[EventDate "2017.09.12"]

1. e4 c5 2. Nf3 d6 3. Bb5+ Bd7 4. Bxd7+ Qxd7 5. O-O Nf6 6. Re1 Nc6 7. c3 e6 8.
d4 d5 9. exd5 Qxd5 10. Be3 cxd4 11. Nxd4 Be7 12. Qa4 O-O 13. c4 Qe5 14. Qb5 Ng4
15. Qxe5 Ncxe5 16. Nd2 Rfd8 17. N4f3 Nd3 18. Re2 Nxe3 19. Rxe3 Bc5 20. Re2 Nxb2
21. Rb1 Nd3 22. Rxb7 Bb6 23. Nb3 Rac8 24. Nfd2 h6 25. g3 Kf8 26. a4 Nc5 27.
Nxc5 Rxc5 28. Kg2 Rd3 29. Nf3 Rc7 1/2-1/2

[Event "Manhem Chessweek GM"]
[Site "Mölnlycke kulturhus, Bibliot"]
[Date "2017.08.13"]
[Round "3.3"]
[White "Johansson, Linus"]
[Black "Antonsen, Mikkel"]
[Result "1/2-1/2"]
[WhiteElo "2459"]
[BlackElo "2440"]
[PlyCount "56"]
[EventDate "2017.09.12"]

1. Nf3 Nf6 2. g3 g6 3. Bg2 Bg7 4. O-O O-O 5. c4 c6 6. b3 Ne4 7. d4 d5 8. Bb2
Bf5 9. Nc3 Nd7 10. Nh4 Nxc3 11. Bxc3 Be6 12. cxd5 cxd5 13. Rc1 Qb6 14. e4 Nf6
15. e5 Ne4 16. Qd3 Rac8 17. Bd2 Rxc1 18. Bxc1 Rc8 19. Be3 Bd7 20. Ra1 Qb4 21.
Bf1 a6 22. Nf3 Bb5 23. Qd1 Bxf1 24. Kxf1 Rc3 25. Rc1 Qb5+ 26. Kg2 Qc6 27. Rxc3
Qxc3 28. Nd2 Nxd2 1/2-1/2

[Event "Manhem Chessweek GM"]
[Site "Mölnlycke kulturhus, Bibliot"]
[Date "2017.08.13"]
[Round "3.4"]
[White "Hillarp Persson, Tiger"]
[Black "Rydström, Tom"]
[Result "1-0"]
[WhiteElo "2522"]
[BlackElo "2301"]
[PlyCount "79"]
[EventDate "2017.09.12"]

1. Nf3 d5 2. g3 Nc6 3. d3 e5 4. Bg2 Be6 5. a3 Qd7 6. b4 f6 7. Nbd2 h5 8. Nb3
Nh6 9. Bxh6 Rxh6 10. c3 g5 11. h4 g4 12. Nfd2 f5 13. b5 Nd8 14. c4 Nf7 15. O-O
Be7 16. cxd5 Bxd5 17. Bxd5 Qxd5 18. a4 f4 19. Rc1 O-O-O 20. Ne4 Kb8 21. Qc2 Rc8
22. Rfd1 Nd6 23. Nxd6 Bxd6 24. Qc4 Qxc4 25. dxc4 c6 26. c5 Bc7 27. Nd2 fxg3 28.
fxg3 cxb5 29. axb5 e4 30. Kg2 Re6 31. Nc4 Rf8 32. Rf1 Ree8 33. b6 Bd8 34. Nd6
Rxf1 35. Rxf1 Rg8 36. Rf7 axb6 37. Rxb7+ Ka8 38. c6 Rg6 39. Rd7 Kb8 40. Nb5 1-0

[Event "Manhem Chessweek GM"]
[Site "Mölnlycke kulturhus, Bibliot"]
[Date "2017.08.13"]
[Round "3.5"]
[White "Rozentalis, Eduardas"]
[Black "Andersson, Tommy"]
[Result "1/2-1/2"]
[WhiteElo "2517"]
[BlackElo "2414"]
[PlyCount "79"]
[EventDate "2017.09.12"]

1. d4 d5 2. Nf3 Nf6 3. Bg5 e6 4. e3 Be7 5. Bd3 Nbd7 6. Nbd2 c5 7. c3 b6 8. O-O
Bb7 9. Qb1 h6 10. Bh4 O-O 11. b4 cxb4 12. cxb4 Rc8 13. Qb2 Ne4 14. Bxe7 Qxe7
15. Rac1 Qd6 16. a3 Qb8 17. Bb5 Nxd2 18. Qxd2 Qd6 19. Rxc8 Rxc8 20. Rc1 Rxc1+
21. Qxc1 f6 22. h3 Nb8 23. Qc2 Bc6 24. Be2 Qd7 25. Nh4 Ba4 26. Qg6 Nc6 27. Bd3
f5 28. Qg3 Kh7 29. Nf3 a5 30. bxa5 bxa5 31. h4 Qe7 32. h5 Qxa3 33. Qg6+ Kh8 34.
Qe8+ Kh7 35. Qg6+ Kh8 36. Qxe6 Qxd3 37. Qe8+ Kh7 38. Ng5+ hxg5 39. Qg6+ Kh8 40.
Qe8+ 1/2-1/2

[Event "Manhem Chessweek GM"]
[Site "Mölnlycke kulturhus, Bibliot"]
[Date "2017.08.14"]
[Round "4.1"]
[White "von Bahr, Oskar"]
[Black "Rozentalis, Eduardas"]
[Result "1/2-1/2"]
[WhiteElo "2433"]
[BlackElo "2517"]
[PlyCount "115"]
[EventDate "2017.09.12"]

1. e4 e6 2. d4 d5 3. Nd2 Nf6 4. e5 Nfd7 5. Bd3 c5 6. c3 Nc6 7. Ne2 cxd4 8. cxd4
f6 9. exf6 Qxf6 10. Nf3 h6 11. O-O Bd6 12. Be3 O-O 13. Rc1 Rd8 14. a3 Nf8 15.
Qd2 Bd7 16. Bf4 Be8 17. Bxd6 Rxd6 18. Qe3 Bh5 19. Ne5 Bxe2 20. Bxe2 Ng6 21. f4
Nge7 22. g4 Rdd8 23. Rf3 Nxe5 24. fxe5 Qg6 25. Rc7 Re8 26. Rxb7 Rab8 27. Rxb8
Rxb8 28. Qf4 Qe4 29. Qxe4 dxe4 30. Re3 Rxb2 31. Rxe4 g5 32. Bc4 Nd5 33. Re2
Rb1+ 34. Kf2 Nf4 35. Rc2 Kf7 36. Ba2 Rd1 37. Rc7+ Kf8 38. Bc4 a5 39. Rc5 a4 40.
Ra5 Rxd4 41. Rxa4 Re4 42. Ra8+ Ke7 43. Ra7+ Kd8 44. Bf1 Ng6 45. h3 Nxe5 46. a4
Rf4+ 47. Ke2 Nc6 48. Ra8+ Kc7 49. Bg2 Nd4+ 50. Kd3 Nb3 51. Ke3 Nc5 52. a5 Ra4
53. Bf1 e5 54. a6 Ra1 55. Bc4 Ra4 56. Bf1 Ra1 57. Bc4 Ra4 58. Bf1 1/2-1/2

[Event "Manhem Chessweek GM"]
[Site "Mölnlycke kulturhus, Bibliot"]
[Date "2017.08.14"]
[Round "4.2"]
[White "Andersson, Tommy"]
[Black "Westerberg, Jonathan"]
[Result "0-1"]
[WhiteElo "2414"]
[BlackElo "2488"]
[PlyCount "74"]
[EventDate "2017.09.12"]

1. d4 Nf6 2. c4 e6 3. Nf3 d5 4. Nc3 dxc4 5. e3 a6 6. a4 b6 7. Bxc4 Bb7 8. O-O
Bb4 9. Qe2 O-O 10. Rd1 Nbd7 11. Bd2 Qe7 12. Be1 c5 13. d5 exd5 14. Nxd5 Nxd5
15. Bxd5 Bxd5 16. Rxd5 Bxe1 17. Rxe1 Nf6 18. Re5 Qc7 19. Rd1 Rfd8 20. Rxd8+
Rxd8 21. h3 g6 22. b3 a5 23. g3 Qc6 24. Kg2 Nd7 25. Rg5 f5 26. Kh2 h6 27. Qc4+
Kh8 28. Qf7 hxg5 29. Nxg5 Nf8 30. Qe7 Re8 31. Qa7 Nd7 32. Qa6 Ne5 33. Qe2 Qf6
34. h4 Rd8 35. Kh3 Nf7 36. Nf3 Qc6 37. Ne5 Nxe5 0-1

[Event "Manhem Chessweek GM"]
[Site "Mölnlycke kulturhus, Bibliot"]
[Date "2017.08.14"]
[Round "4.3"]
[White "Antonsen, Mikkel"]
[Black "Hillarp Persson, Tiger"]
[Result "0-1"]
[WhiteElo "2440"]
[BlackElo "2522"]
[PlyCount "80"]
[EventDate "2017.09.12"]

1. d4 Nf6 2. c4 e6 3. Nc3 c5 4. d5 exd5 5. cxd5 d6 6. e4 g6 7. Nge2 a6 8. a4 h5
9. Bg5 Nbd7 10. Qd2 Be7 11. h4 Ng4 12. Bxe7 Qxe7 13. Ng3 Qf6 14. f3 Qe5 15. f4
Qd4 16. Qxd4 cxd4 17. Nce2 Nc5 18. Nxd4 O-O 19. b4 Nxe4 20. Nxe4 Re8 21. Bd3
Bf5 22. Ne6 fxe6 23. Kd2 exd5 24. Nxd6 Bxd3 25. Nxe8 Rxe8 26. Kxd3 Nf2+ 27. Kd4
Nxh1 28. Rxh1 Re4+ 29. Kxd5 Rxb4 30. Ke5 Rxa4 31. Rd1 Ra5+ 32. Kf6 Kh7 33. Rd7+
Kh6 34. Rxb7 Rf5+ 35. Ke6 Rxf4 36. Ra7 Rxh4 37. Rxa6 Re4+ 38. Kf7 Rf4+ 39. Rf6
Rxf6+ 40. Kxf6 h4 0-1

[Event "Manhem Chessweek GM"]
[Site "Mölnlycke kulturhus, Bibliot"]
[Date "2017.08.14"]
[Round "4.4"]
[White "Gritsak, Orest"]
[Black "Johansson, Linus"]
[Result "1/2-1/2"]
[WhiteElo "2474"]
[BlackElo "2459"]
[PlyCount "23"]
[EventDate "2017.09.12"]

1. Nf3 Nf6 2. c4 b6 3. g3 Bb7 4. Bg2 g6 5. b3 Bg7 6. Bb2 O-O 7. O-O c5 8. a3
Nc6 9. d3 a6 10. Nbd2 Rb8 11. Qb1 b5 12. Qc2 1/2-1/2

[Event "Manhem Chessweek GM"]
[Site "Mölnlycke kulturhus, Bibliot"]
[Date "2017.08.15"]
[Round "5.1"]
[White "Westerberg, Jonathan"]
[Black "von Bahr, Oskar"]
[Result "1/2-1/2"]
[WhiteElo "2488"]
[BlackElo "2433"]
[PlyCount "125"]
[EventDate "2017.09.12"]

1. d4 Nf6 2. Nf3 g6 3. Nbd2 d5 4. b4 Bg7 5. e3 O-O 6. c4 c6 7. Bb2 a5 8. b5 a4
9. Ba3 Bg4 10. Rc1 cxb5 11. cxb5 Re8 12. Be2 Nbd7 13. O-O Bf8 14. Qc2 e6 15.
Bxf8 Rxf8 16. h3 Bxf3 17. Nxf3 Qb8 18. Qb2 Qd6 19. Rc2 Rfc8 20. Rfc1 Rxc2 21.
Qxc2 Qa3 22. Nd2 Nb6 23. Nb1 Qb4 24. Qc3 Qxc3 25. Rxc3 Ne8 26. Kf1 Kf8 27. Ke1
Nd6 28. Na3 Ke8 29. f3 h5 30. Kd2 h4 31. Bd3 Kd8 32. Rc2 Nf5 33. Nb1 Kd7 34.
Nc3 Rc8 35. Nd1 Ra8 36. Kc3 a3 37. Kb3 Ra5 38. Re2 Ra8 39. Nc3 Nd6 40. e4 Ra7
41. exd5 exd5 42. Re5 f6 43. Re2 g5 44. f4 gxf4 45. Rf2 Ra8 46. Rxf4 Rg8 47.
Rxh4 Rxg2 48. Rh7+ Ke6 49. Ne2 Rf2 50. Kxa3 Nbc4+ 51. Kb4 Nb2 52. Kc3 Nxd3 53.
Kxd3 Rf3+ 54. Kc2 Nxb5 55. Rxb7 Na3+ 56. Kd1 Kf5 57. Rb3 Rf1+ 58. Kd2 Nc4+ 59.
Kc3 Rf2 60. Kd3 Rf3+ 61. Kc2 Rf2 62. Kd3 Rf3+ 63. Kc2 1/2-1/2

[Event "Manhem Chessweek GM"]
[Site "Mölnlycke kulturhus, Bibliot"]
[Date "2017.08.15"]
[Round "5.2"]
[White "Hillarp Persson, Tiger"]
[Black "Gritsak, Orest"]
[Result "1-0"]
[WhiteElo "2522"]
[BlackElo "2474"]
[PlyCount "95"]
[EventDate "2017.09.12"]

1. d4 Nf6 2. c4 g6 3. Nc3 d5 4. Nf3 Bg7 5. Qb3 dxc4 6. Qxc4 O-O 7. e4 Na6 8.
Be2 c5 9. d5 e6 10. O-O exd5 11. exd5 Re8 12. Bg5 h6 13. Be3 Bd7 14. Rad1 Qb6
15. h3 Rac8 16. Rd2 Qb4 17. a3 Qxc4 18. Bxc4 Nb8 19. Rc1 a6 20. a4 b6 21. b3
Ne4 22. Nxe4 Rxe4 23. Ra2 Bf8 24. Nd2 Re5 25. Bf4 Rf5 26. Bh2 b5 27. g4 Rf6 28.
Ne4 Rb6 29. a5 Rb7 30. Bf1 f5 31. Nd6 Bxd6 32. Bxd6 fxg4 33. Rxc5 Rxc5 34. Bxc5
gxh3 35. Re2 Bf5 36. Re8+ Kf7 37. Rh8 Nd7 38. b4 Rc7 39. Rh7+ Ke8 40. Kh2 Rxc5
41. bxc5 Nxc5 42. Bxh3 Bxh3 43. Kxh3 h5 44. Rg7 Nd3 45. Kg3 g5 46. Rxg5 b4 47.
Rg6 b3 48. Rxa6 1-0

[Event "Manhem Chessweek GM"]
[Site "Mölnlycke kulturhus, Bibliot"]
[Date "2017.08.15"]
[Round "5.4"]
[White "Johansson, Linus"]
[Black "Andersson, Tommy"]
[Result "1-0"]
[WhiteElo "2459"]
[BlackElo "2414"]
[PlyCount "47"]
[EventDate "2017.09.12"]

1. d4 d5 2. c4 c6 3. Nf3 e6 4. e3 Nf6 5. Be2 Nbd7 6. O-O Bd6 7. Nbd2 O-O 8. Qc2
c5 9. cxd5 exd5 10. b3 b6 11. Bb2 Bb7 12. Ne5 Qe7 13. Nxd7 Nxd7 14. Rac1 Qe6
15. Rfd1 Rae8 16. g3 Nf6 17. Bf3 Ng4 18. Nc4 dxc4 19. Bxb7 Qh6 20. h4 Rxe3 21.
Qd2 Rfe8 22. fxe3 Rxe3 23. Rc3 Bxg3 24. dxc5 1-0

[Event "Manhem Chessweek GM"]
[Site "Mölnlycke kulturhus, Bibliot"]
[Date "2017.08.15"]
[Round "5.5"]
[White "Rydström, Tom"]
[Black "Antonsen, Mikkel"]
[Result "1/2-1/2"]
[WhiteElo "2301"]
[BlackElo "2440"]
[PlyCount "113"]
[EventDate "2017.09.12"]

1. e4 e5 2. Nf3 Nc6 3. Bc4 Bc5 4. c3 Nf6 5. d4 exd4 6. e5 d5 7. Be2 Ne4 8. cxd4
Bb6 9. O-O O-O 10. Nc3 Bg4 11. Be3 f6 12. exf6 Nxf6 13. Rc1 Ne7 14. h3 Bxf3 15.
Bxf3 Nf5 16. Re1 c6 17. Qd3 g6 18. Ne2 Nxe3 19. Qxe3 Re8 20. Qh6 Ne4 21. h4 Qf6
22. Rcd1 Nd6 23. h5 Nf5 24. Qf4 g5 25. Qd2 Re7 26. a4 a5 27. g3 Rf8 28. Bg2
Nxd4 29. Nxd4 Rxe1+ 30. Rxe1 Bxd4 31. Re2 g4 32. b3 Kh8 33. Qe1 Qf5 34. Qd2 c5
35. h6 Qb1+ 36. Kh2 Qf5 37. Kg1 b6 38. Bh1 Qb1+ 39. Kh2 Qg6 40. Kg1 Qb1+ 41.
Kh2 Qf5 42. Kg1 Rd8 43. Qe1 Qf7 44. Bg2 Bf6 45. Qd2 d4 46. Qf4 d3 47. Rd2 Qe7
48. Qe4 Qxe4 49. Bxe4 b5 50. Rxd3 Rxd3 51. Bxd3 c4 52. Bc2 bxa4 53. bxa4 Bg5
54. f3 gxf3 55. Kf2 Bxh6 56. Kxf3 Kg7 57. Ke4 1/2-1/2

[Event "Manhem Chessweek GM"]
[Site "Mölnlycke kulturhus, Bibliot"]
[Date "2017.08.16"]
[Round "6.1"]
[White "Andersson, Tommy"]
[Black "Hillarp Persson, Tiger"]
[Result "0-1"]
[WhiteElo "2414"]
[BlackElo "2522"]
[PlyCount "88"]
[EventDate "2017.09.12"]

1. d4 Nf6 2. c4 g6 3. f3 c5 4. d5 e5 5. Nc3 d6 6. e4 Nh5 7. Be3 Nd7 8. Qd2 a6
9. Nh3 Be7 10. Bh6 Rg8 11. g3 g5 12. f4 exf4 13. gxf4 gxf4 14. Nxf4 Ne5 15.
O-O-O Nf6 16. h3 Rg3 17. Nd3 Nxc4 18. Qe1 Rg6 19. Bf4 Nd7 20. e5 Bh4 21. Qe2
dxe5 22. b3 Nd6 23. Nxe5 Nxe5 24. Qxe5+ Qe7 25. Qh8+ Kd7 26. Qxh7 Qf6 27. Bd2
Bg5 28. Kc2 Bxd2 29. Rxd2 Kc7 30. Bd3 Bf5 31. Qh5 Bxd3+ 32. Rxd3 Rg2+ 33. Rd2
Rxd2+ 34. Kxd2 Re8 35. Rd1 Qf2+ 36. Ne2 Qe3+ 37. Ke1 Qg1+ 38. Kd2 Qe3+ 39. Ke1
Re5 40. Rd3 Qc1+ 41. Kf2 Qb2 42. Qg4 Rg5 43. Qh4 Qf6+ 44. Ke3 Re5+ 0-1

[Event "Manhem Chessweek GM"]
[Site "Mölnlycke kulturhus, Bibliot"]
[Date "2017.08.16"]
[Round "6.2"]
[White "Rozentalis, Eduardas"]
[Black "Westerberg, Jonathan"]
[Result "1-0"]
[WhiteElo "2517"]
[BlackElo "2488"]
[PlyCount "75"]
[EventDate "2017.09.12"]

1. e4 c5 2. Nf3 Nf6 3. e5 Nd5 4. g3 Nc6 5. Bg2 d6 6. exd6 Qxd6 7. O-O Bg4 8. h3
Bxf3 9. Qxf3 e6 10. Nc3 Nf6 11. d3 Be7 12. Ne4 Nxe4 13. dxe4 O-O 14. Bf4 Nd4
15. Qd1 Qa6 16. Re1 Rad8 17. c3 e5 18. Bc1 Ne6 19. Qg4 c4 20. Bh6 Kh8 21. Be3
Bc5 22. Bf1 Bxe3 23. Rxe3 b5 24. a3 Rd2 25. Rd1 Rxb2 26. Rf3 Qc8 27. Rd6 Rb1
28. Kg2 g6 29. Qh4 Kg8 30. Qf6 Ra1 31. Qxe5 a6 32. h4 Ng7 33. Qd5 Rxa3 34. Rxf7
Rxf7 35. Rd8+ Qxd8 36. Qxd8+ Rf8 37. Qd5+ Kh8 38. Qc5 1-0

[Event "Manhem Chessweek GM"]
[Site "Mölnlycke kulturhus, Bibliot"]
[Date "2017.08.16"]
[Round "6.3"]
[White "von Bahr, Oskar"]
[Black "Johansson, Linus"]
[Result "1/2-1/2"]
[WhiteElo "2433"]
[BlackElo "2459"]
[PlyCount "74"]
[EventDate "2017.09.12"]

1. e4 c5 2. Nf3 Nc6 3. Bb5 g6 4. Bxc6 bxc6 5. O-O Bg7 6. Re1 Nh6 7. c3 O-O 8.
h3 f5 9. e5 Nf7 10. d3 Rb8 11. Qa4 Qc7 12. Qh4 Ba6 13. d4 cxd4 14. cxd4 e6 15.
Ng5 Nxg5 16. Bxg5 Rxb2 17. Nd2 c5 18. Bh6 Qd8 19. Bg5 Qc7 20. Rec1 c4 21. Rc3
Rc8 22. Bh6 Qd8 23. Qf4 Bxh6 24. Qxh6 Qf8 25. Qe3 Qb4 26. a3 Qa5 27. Rac1 Qd5
28. h4 Bb7 29. f3 Ba6 30. h5 d6 31. exd6 Qxd6 32. hxg6 hxg6 33. Nxc4 Rxc4 34.
Rxc4 Bxc4 35. Rxc4 Rb1+ 36. Kf2 Rb2+ 37. Kg1 Rb1+ 1/2-1/2

[Event "Manhem Chessweek GM"]
[Site "Mölnlycke kulturhus, Bibliot"]
[Date "2017.08.16"]
[Round "6.5"]
[White "Gritsak, Orest"]
[Black "Rydström, Tom"]
[Result "1-0"]
[WhiteElo "2474"]
[BlackElo "2301"]
[PlyCount "81"]
[EventDate "2017.09.12"]

1. d4 Nf6 2. Nf3 e6 3. c4 b6 4. g3 Bb7 5. Bg2 Be7 6. O-O O-O 7. Nc3 Ne4 8. Qc2
d5 9. cxd5 exd5 10. Bf4 Na6 11. Rfd1 Nxc3 12. Qxc3 c5 13. dxc5 bxc5 14. Qb3 Qb6
15. Ne5 Rad8 16. h4 Bf6 17. Ng4 Bxb2 18. Qxb6 axb6 19. Rab1 Bc3 20. Rxb6 Bc8
21. Ne3 d4 22. Nd5 Nb4 23. Ne7+ Kh8 24. Nxc8 Rxc8 25. Bb7 Rcd8 26. Bd6 Rfe8 27.
Bxc5 Nxa2 28. Kf1 h5 29. Bf3 g6 30. Rb7 Kg7 31. Be7 Rb8 32. Rdb1 Rxb7 33. Rxb7
Nc1 34. Rd7 Bb2 35. Bg5 Rf8 36. Rc7 Na2 37. Rb7 Bc3 38. Be7 Ra8 39. Bd5 Ra5 40.
Bc4 Ra4 41. Bb3 1-0

[Event "Manhem Chessweek GM"]
[Site "Mölnlycke kulturhus, Bibliot"]
[Date "2017.08.16"]
[Round "7.1"]
[White "Hillarp Persson, Tiger"]
[Black "von Bahr, Oskar"]
[Result "1/2-1/2"]
[WhiteElo "2522"]
[BlackElo "2433"]
[PlyCount "81"]
[EventDate "2017.09.12"]

1. c4 c5 2. Nf3 Nc6 3. Nc3 Nf6 4. g3 d5 5. cxd5 Nxd5 6. Bg2 Nc7 7. b3 g6 8. h4
h6 9. Ba3 e5 10. Rc1 Bd7 11. Bb2 b6 12. b4 cxb4 13. Ne4 Bg7 14. Nd6+ Kf8 15. d4
e4 16. Ne5 Nxe5 17. dxe5 Nb5 18. Bxe4 Nxd6 19. Qxd6+ Qe7 20. Qxe7+ Kxe7 21.
Bxa8 Rxa8 22. O-O Be6 23. a3 bxa3 24. Bxa3+ Ke8 25. f4 b5 26. Rc7 Bf8 27. Bxf8
Kxf8 28. e4 a5 29. f5 Bc4 30. Rd1 gxf5 31. exf5 a4 32. Rdd7 a3 33. e6 a2 34.
Rxf7+ Ke8 35. Rfe7+ Kf8 36. Rf7+ Ke8 37. Rce7+ Kd8 38. Rd7+ Ke8 39. Rde7+ Kd8
40. Rd7+ Ke8 41. Rde7+ 1/2-1/2

[Event "Manhem Chessweek GM"]
[Site "Mölnlycke kulturhus, Bibliot"]
[Date "2017.08.16"]
[Round "7.3"]
[White "Johansson, Linus"]
[Black "Rozentalis, Eduardas"]
[Result "1/2-1/2"]
[WhiteElo "2459"]
[BlackElo "2517"]
[PlyCount "48"]
[EventDate "2017.09.12"]

1. d4 Nf6 2. c4 e6 3. Nc3 Bb4 4. e3 O-O 5. Nge2 d5 6. a3 Be7 7. Nf4 Re8 8. Be2
Bd6 9. c5 Bf8 10. Nd3 Ne4 11. Bd2 Nc6 12. Nb4 e5 13. O-O exd4 14. Nxc6 bxc6 15.
exd4 Nxd2 16. Qxd2 g6 17. b4 Bg7 18. Rfd1 Rb8 19. Qf4 h5 20. h3 Bf6 21. Bf1 Bf5
22. Bd3 Bxd3 23. Rxd3 Re6 24. Rdd1 Bg5 1/2-1/2

[Event "Manhem Chessweek GM"]
[Site "Mölnlycke kulturhus, Bibliot"]
[Date "2017.08.16"]
[Round "7.4"]
[White "Antonsen, Mikkel"]
[Black "Gritsak, Orest"]
[Result "1/2-1/2"]
[WhiteElo "2440"]
[BlackElo "2474"]
[PlyCount "39"]
[EventDate "2017.09.12"]

1. d4 Nf6 2. c4 e6 3. Nc3 d5 4. cxd5 exd5 5. Bg5 c6 6. e3 h6 7. Bh4 Be7 8. Bd3
Nbd7 9. h3 Nb6 10. Nf3 Ne4 11. Bxe7 Qxe7 12. Qc2 Bf5 13. Bxe4 Bxe4 14. Nxe4
Qxe4 15. Qxe4+ dxe4 16. Nd2 f5 17. g4 g6 18. Rc1 O-O-O 19. Nc4 Nxc4 20. Rxc4
1/2-1/2